000 00668nam a2200277Ia 4500
005 20260324115803.0
008 008 260324s9999 xx 000 0 eng d
020 _a9780429174568
037 _aEBOOK
040 _aCRL
040 _beng
040 _cCRL
041 _2eng
041 _aeng
084 _qCRL
100 _aLuigi Brugnano; Felice Iavernaro
_91156010
245 0 _aLine Integral Methods for Conservative Problems
260 _bTaylor and Francis
260 _c2016
365 _a
365 _b385
856 _uhttp://www.taylorfrancis.com/books/9780429174568
942 _cEBOOK
999 _c1747135
_d1747135